00379nam a2200145Ia 4500008004100000020001800041082001500059100001900074245003800093250000600131260003900137300001800176500002400194650001500218230524s9999 xx 000 0 und d a9788190694254 a621.3bSHA aSanjeev Sharma 0aBasics of Electrical Engineering a1 aNew DelhibI.K.Internationalc2016 a"XXVII,I.4p;" aQuantity Number: 1 aElectrical